|
|
|
|
| LEADER |
00000nab a2200000 a 4500 |
| 001 |
vtls000820861 |
| 003 |
SK-MaSNL |
| 005 |
20260304103820.0 |
| 008 |
250429c2002 xo 0 slo |
| 015 |
|
|
|a SNBRB2003/01-00298
|
| 035 |
|
|
|a CLN000172516
|
| 035 |
|
|
|a urn:nbn:sk:snk-abpak
|
| 035 |
|
|
|a (urnnbn)urn:nbn:sk:snk:ar-a03uxv
|
| 035 |
|
|
|a (uuid)e63401c3-817a-458d-9ce0-daa8a30064b8
|
| 040 |
|
|
|a SNKBUCL
|b slo
|c SNKBUCL
|e AACR2
|
| 041 |
0 |
|
|a slo
|
| 044 |
|
|
|a xo
|c SK
|
| 080 |
|
|
|a 619:616.995.1-084:639.111.1(437.6)
|2 1997
|
| 080 |
|
|
|a 576.895.1(437.6)
|2 1997
|
| 080 |
|
|
|a 639.111.1.09(437.6)
|2 1997
|
| 245 |
0 |
0 |
|a Prevencia fascioloidózy (Fascioloides magna Bassi, 1875) u jelenej a srnčej zveri na Slovensku
|c J. Čorba ... [et al.]
|
| 300 |
|
|
|b Obr., tab.
|
| 504 |
|
|
|a Res. angl., slov.
|
| 650 |
0 |
7 |
|a jelenia zver
|2 snkbucl
|9 2770
|
| 650 |
0 |
7 |
|a srnčia zver
|2 snkbucl
|9 2771
|
| 650 |
0 |
7 |
|a fascioloidóza
|2 snkbucl
|9 1392831
|
| 650 |
0 |
7 |
|a cicavica obrovská
|2 snkbucl
|9 24408
|
| 655 |
|
7 |
|a články z novín a časopisov
|2 snkbucl
|9 267496
|
| 700 |
1 |
|
|a Čorba, Július,
|d 1940-
|4 aut
|9 145942
|
| 700 |
1 |
|
|a Rajský, Dušan,
|d 1950-
|4 aut
|9 106685
|
| 700 |
1 |
|
|a Špakulová, Marta,
|d 1950-
|4 aut
|9 151083
|
| 700 |
1 |
|
|a Várady, Marián,
|d 1966-
|4 aut
|9 222257
|
| 773 |
0 |
|
|t Slovenský veterinársky časopis
|g Roč. 27, č. 5 (2002), s. 41-43
|x 1335-0099
|
| 850 |
|
|
|a Slovenská národná knižnica
|
| 852 |
|
|
|a Slovenská národná knižnica
|
| 954 |
|
|
|a odborná, vedecká literatúra pôvodná (slovenská)
|2 lita
|
| 958 |
|
|
|a article27
|
| 958 |
|
|
|a SK
|
| 958 |
|
|
|a MI
|
| 958 |
|
|
|a OND
|
| 958 |
|
|
|a EUIPO
|
| 992 |
|
|
|a RBX
|
| 999 |
|
|
|c 2849921
|d 2851851
|